[Event "Czech Open Rapid 2019"]
[Site "Pardubice"]
[Date "2019.07.18"]
[Round "8.16"]
[White "Mojzis, Jaroslav"]
[Black "Rakshitta Ravi"]
[Result "0-1"]
[WhiteElo "2095"]
[BlackElo "2112"]
[Annotator "NA"]
[PlyCount "60"]
[EventDate "2019.07.17"]
[EventType "swiss"]
[EventCountry "CZE"]
[SourceTitle "playchess.com"]
[Source "ChessBase"]
[SourceQuality "1"]

1. d4 Nf6 2. Bf4 g6 3. Nc3 d5 4. Qd2 Bg7 5. Nf3 c5 6. e3 O-O 7. h4 Nc6 8. Be2 cxd4 9. exd4 Ne4 10. Qe3 Nxc3 11. Qxc3 Bg4 12. Ne5 Nxe5 13. Bxe5 Bxe2 14. Kxe2 Bxe5 15. dxe5 Rc8 16. Qd3 Qc7 17. c3 Qxe5+ 18. Kf1 e6 19. Re1 Qf6 20. h5 Rc4 21. Re3 Rf4 22. f3 d4 23. Re1 dxc3 24. bxc3 Rd8 25. Qe3 Rc4 26. hxg6 hxg6 27. Qxa7 Qxc3 28. Qxb7 Qd3+ 29. Kg1 Qd4+ 30. Kh2 Qh4+ 0-1

[Event "Czech Open Rapid 2019"]
[Site "Pardubice"]
[Date "2019.07.18"]
[Round "8.17"]
[White "Gazik, Viktor"]
[Black "Burdalev, Kirill"]
[Result "1-0"]
[WhiteElo "2525"]
[BlackElo "2385"]
[Annotator "ChessBase"]
[PlyCount "69"]
[EventDate "2019.07.17"]
[EventType "swiss"]
[EventCountry "CZE"]
[SourceTitle "playchess.com"]
[Source "ChessBase"]
[SourceQuality "1"]

1. e4 Nf6 2. e5 Nd5 3. d4 d6 4. exd6 exd6 5. c4 Nb6 6. Nc3 Be7 7. Bd3 Nc6 8. Nge2 Bg4 9. f3 Bh5 10. O-O Bg6 11. b3 Bf6 12. Be3 O-O 13. Qd2 Bxd3 14. Qxd3 d5 15. c5 Nc8 16. Nf4 Nb4 17. Qd2 Re8 18. a3 Nc2 19. Qxc2 Rxe3 20. Nfxd5 Re8 21. Rad1 c6 22. Nxf6+ Qxf6 23. Ne4 Qh6 24. Rfe1 Re6 25. d5 cxd5 26. Rxd5 Ne7 27. Rd7 b6 28. cxb6 axb6 29. Qc7 Nc6 30. Rxf7 Rae8 31. Rd7 Ne5 32. Rd8 Qg6 33. Kh1 Rc6 34. Qb8 Rce6 35. Nd6 1-0

[Event "Czech Open Rapid 2019"]
[Site "Pardubice"]
[Date "2019.07.18"]
[Round "8.17"]
[White "Grabinsky, Vladimir"]
[Black "Jun, Rudolf Jr."]
[Result "0-1"]
[WhiteElo "2226"]
[BlackElo "2200"]
[Annotator "NA"]
[PlyCount "74"]
[EventDate "2019.07.17"]
[EventType "swiss"]
[EventCountry "CZE"]
[SourceTitle "playchess.com"]
[Source "ChessBase"]
[SourceQuality "1"]

1. e4 c5 2. b4 d6 3. Nf3 a6 4. bxc5 dxc5 5. Bc4 Nc6 6. O-O e6 7. a4 Nf6 8. Re1 Be7 9. Nc3 Nd4 10. e5 Nd5 11. Ne4 O-O 12. c3 Nc6 13. d4 cxd4 14. cxd4 Rb8 15. Bg5 Bxg5 16. Nfxg5 h6 17. Nf3 b5 18. axb5 axb5 19. Bb3 b4 20. Qd2 Nce7 21. Nf6+ gxf6 22. Qxh6 Nf5 23. Qh3 Nf4 24. Qg4+ Ng6 25. h4 Nh6 26. Qh5 Kg7 27. Ra7 Nf4 28. exf6+ Qxf6 29. Qa5 Bb7 30. Re5 Nf5 31. d5 exd5 32. Bc2 Nxh4 33. Rg5+ Kh8 34. Rg4 Nxf3+ 35. gxf3 Rg8 36. Qc7 Rxg4+ 37. fxg4 Re8 0-1

[Event "Czech Open Rapid 2019"]
[Site "Pardubice"]
[Date "2019.07.18"]
[Round "8.18"]
[White "Turner, Jan"]
[Black "Zanan, Evgeny"]
[Result "1/2-1/2"]
[WhiteElo "2330"]
[BlackElo "2505"]
[Annotator "ChessBase"]
[PlyCount "40"]
[EventDate "2019.07.17"]
[EventType "swiss"]
[EventCountry "CZE"]
[SourceTitle "playchess.com"]
[Source "ChessBase"]
[SourceQuality "1"]

1. b3 e5 2. Bb2 Nc6 3. e3 Nf6 4. Nf3 e4 5. Nd4 Nxd4 6. Bxd4 d5 7. c4 dxc4 8. Bxc4 Bd6 9. Nc3 Bf5 10. f3 O-O 11. O-O Bg6 12. Bxf6 Qxf6 13. Nxe4 Bxe4 14. fxe4 Qh4 15. g3 Bxg3 16. hxg3 Qxg3+ 17. Kh1 b5 18. Be2 Qh3+ 19. Kg1 Qg3+ 20. Kh1 Qh3+ 1/2-1/2

[Event "Czech Open Rapid 2019"]
[Site "Pardubice"]
[Date "2019.07.18"]
[Round "8.19"]
[White "Piesik, Piotr"]
[Black "Gagare, Shardul"]
[Result "0-1"]
[WhiteElo "2421"]
[BlackElo "2476"]
[Annotator "ChessBase"]
[PlyCount "104"]
[EventDate "2019.07.17"]
[EventType "swiss"]
[EventCountry "CZE"]
[SourceTitle "playchess.com"]
[Source "ChessBase"]
[SourceQuality "1"]

1. Nf3 Nf6 2. g3 c5 3. Bg2 g6 4. O-O Bg7 5. c3 O-O 6. d4 d5 7. dxc5 a5 8. a4 Na6 9. Be3 Ng4 10. Bd4 e5 11. h3 exd4 12. hxg4 dxc3 13. Nxc3 Nxc5 14. Qxd5 Qxd5 15. Nxd5 Bxg4 16. Rac1 Nxa4 17. b3 Nb2 18. Rc7 b5 19. Ng5 Ra6 20. Ne7+ Kh8 21. Bd5 Rf6 22. Rb1 h6 23. Rxb2 hxg5 24. Ra2 Ra6 25. Bb7 Re6 26. f3 Bd4+ 27. Kg2 Re8 28. fxg4 R6xe7 29. Rxe7 Rxe7 30. Bc6 b4 31. Rd2 Bc3 32. Rd8+ Kg7 33. e4 Rc7 34. Bd5 Be5 35. Ra8 Rc2+ 36. Kf1 Bc7 37. Ra6 Rc3 38. Rc6 Bxg3 39. Rxc3 bxc3 40. Ke2 Be5 41. Kd3 f5 42. exf5 gxf5 43. gxf5 Kf6 44. Be4 g4 45. Ke3 Kg5 46. Kf2 Kf4 47. Bc2 Bd4+ 48. Kg2 Ke3 49. Kg3 Kd2 50. Be4 c2 51. Bxc2 Kxc2 52. Kxg4 Kxb3 0-1

[Event "Czech Open Rapid 2019"]
[Site "Pardubice"]
[Date "2019.07.18"]
[Round "8.19"]
[White "Medvedyk, Volodymyr"]
[Black "Hrabinska, Myroslava"]
[Result "0-1"]
[WhiteElo "2197"]
[BlackElo "2243"]
[Annotator "NA"]
[PlyCount "151"]
[EventDate "2019.07.17"]
[EventType "swiss"]
[EventCountry "CZE"]
[SourceTitle "playchess.com"]
[Source "ChessBase"]
[SourceQuality "1"]

1. c4 Nf6 2. g3 e6 3. Bg2 d5 4. d4 Be7 5. Nf3 dxc4 6. O-O Nc6 7. Qa4 O-O 8. Qxc4 Qd5 9. Qa4 Bd7 10. Nc3 Qh5 11. Qb3 Na5 12. Qc2 Bc6 13. e4 b6 14. Bf4 Rac8 15. h3 Ba8 16. g4 Nxg4 17. hxg4 Qxg4 18. Bg3 f5 19. Ne5 Qg5 20. Nf3 Qg4 21. Ne5 Qg5 22. Nf3 Qg4 23. Rae1 f4 24. Bh2 Nc6 25. Qe2 Rcd8 26. d5 Na5 27. Nd4 Qxe2 28. Rxe2 e5 29. Nf3 Bd6 30. Rc1 h6 31. Nb5 c6 32. Nxd6 Rxd6 33. b4 cxd5 34. Nxe5 dxe4 35. bxa5 Re6 36. Bxf4 Rxf4 37. Rc8+ Rf8 38. Rec2 Rxe5 39. Rxf8+ Kxf8 40. Rc8+ Re8 41. Rc7 Re7 42. Rc8+ Re8 43. Rc7 bxa5 44. Rxa7 e3 45. fxe3 Bxg2 46. Kxg2 Rxe3 47. Rxa5 Kf7 48. Ra6 Re6 49. Ra7+ Kf6 50. a4 Re3 51. a5 Ra3 52. a6 g5 53. Ra8 Kf5 54. a7 Kg4 55. Rh8 Rxa7 56. Rxh6 Ra2+ 57. Kf1 Kg3 58. Rb6 Ra1+ 59. Ke2 g4 60. Rb2 Rh1 61. Ke3 Re1+ 62. Kd2 Re7 63. Rb8 Kg2 64. Rg8 g3 65. Rg6 Kf2 66. Rf6+ Kg1 67. Rg6 g2 68. Rh6 Re5 69. Rh8 Kf2 70. Rf8+ Kg3 71. Rg8+ Kf3 72. Kd3 Rd5+ 73. Kc2 Rf5 74. Kd3 Kf2 75. Ke4 Rf7 76. Kd4 0-1

[Event "Czech Open Rapid 2019"]
[Site "Pardubice"]
[Date "2019.07.18"]
[Round "8.20"]
[White "Bogdanov, Egor"]
[Black "Poleg, Matan"]
[Result "1-0"]
[WhiteElo "2407"]
[BlackElo "2226"]
[Annotator "NA"]
[PlyCount "103"]
[EventDate "2019.07.17"]
[EventType "swiss"]
[EventCountry "CZE"]
[SourceTitle "playchess.com"]
[Source "ChessBase"]
[SourceQuality "1"]

1. e4 c5 2. c3 d6 3. d4 Nf6 4. Bd3 g6 5. e5 dxe5 6. dxe5 Nd5 7. Nf3 Bg7 8. Be4 Nb6 9. Qxd8+ Kxd8 10. Na3 Nc6 11. Be3 Nxe5 12. O-O-O+ Nbd7 13. Nxe5 Bxe5 14. Bxc5 a6 15. Nc4 Bf4+ 16. Kc2 Kc7 17. Bxe7 Re8 18. Bd6+ Bxd6 19. Nxd6 Re6 20. Nxc8 Rxe4 21. Rxd7+ Kxd7 22. Nb6+ Kc6 23. Nxa8 Re8 24. g4 Rxa8 25. Re1 Kd6 26. Re3 Rh8 27. Rh3 h6 28. f4 Ke6 29. c4 h5 30. f5+ Ke5 31. fxg6 fxg6 32. gxh5 gxh5 33. Rh4 Kf5 34. Kc3 Kg5 35. Rd4 Rh7 36. h4+ Kf5 37. b4 Rg7 38. c5 Rg3+ 39. Kc4 Ra3 40. Rd7 Rxa2 41. Rxb7 Kg4 42. c6 Rc2+ 43. Kd5 Kxh4 44. Rg7 Rd2+ 45. Ke6 Re2+ 46. Kd7 Rd2+ 47. Ke8 Re2+ 48. Kd8 Rd2+ 49. Rd7 Rg2 50. c7 Rg8+ 51. Ke7 Rc8 52. Kd6 1-0

[Event "Czech Open Rapid 2019"]
[Site "Pardubice"]
[Date "2019.07.18"]
[Round "8.20"]
[White "Brozka, Karel"]
[Black "Bystrov, Sergej M."]
[Result "1/2-1/2"]
[WhiteElo "1816"]
[BlackElo "2197"]
[Annotator "NA"]
[PlyCount "114"]
[EventDate "2019.07.17"]
[EventType "swiss"]
[EventCountry "CZE"]
[SourceTitle "playchess.com"]
[Source "ChessBase"]
[SourceQuality "1"]

1. d4 d5 2. Nf3 Nf6 3. Bf4 c5 4. e3 Nc6 5. c3 Bg4 6. Bd3 e6 7. Nbd2 Bd6 8. Bg3 O-O 9. O-O e5 10. dxe5 Nxe5 11. Bxe5 Bxe5 12. h3 Bxf3 13. Nxf3 Bc7 14. Qc2 Qe7 15. Rfe1 Rfe8 16. Rad1 a6 17. a4 Rad8 18. c4 g6 19. Re2 Ba5 20. Rc1 Rc8 21. b3 Red8 22. Qb2 Bc7 23. Rd1 Rd7 24. Bb1 Rcd8 25. cxd5 Rxd5 26. Red2 Ba5 27. Rxd5 Rxd5 28. Rxd5 Nxd5 29. Qe5 Qxe5 30. Nxe5 Nc3 31. Bd3 Bc7 32. Nd7 Bd6 33. Nf6+ Kh8 34. Bc4 Be7 35. Nd5 Nxd5 36. Bxd5 Kg7 37. Bxb7 a5 38. f4 f5 39. Kf2 Kf6 40. e4 fxe4 41. Bxe4 h6 42. g4 g5 43. Ke3 Bd6 44. fxg5+ hxg5 45. Kd3 Ke5 46. Bb7 Bc7 47. Kc4 Kd6 48. Bc8 Bd8 49. Kd3 Kd5 50. Bb7+ Ke5 51. Kc4 Kd6 52. Kd3 Ke5 53. Bc6 Kd6 54. Bf3 Ke5 55. Bb7 Be7 56. Kc4 Kd6 57. Bf3 Ke5 1/2-1/2

[Event "Czech Open Rapid 2019"]
[Site "Pardubice"]
[Date "2019.07.18"]
[Round "8.21"]
[White "Meleshko, Volodymyr"]
[Black "Petr, Martin"]
[Result "1-0"]
[WhiteElo "2270"]
[BlackElo "2459"]
[Annotator "ChessBase"]
[PlyCount "49"]
[EventDate "2019.07.17"]
[EventType "swiss"]
[EventCountry "CZE"]
[SourceTitle "playchess.com"]
[Source "ChessBase"]
[SourceQuality "1"]

1. e4 d5 2. exd5 Qxd5 3. Nc3 Qa5 4. d4 Nf6 5. Bc4 Bg4 6. Nge2 e6 7. O-O c6 8. f3 Bf5 9. Ng3 Bg6 10. f4 Be7 11. f5 exf5 12. Qe2 Nbd7 13. Kh1 Ne4 14. Nxf5 Bxf5 15. Nxe4 Be6 16. Rxf7 Bxf7 17. Nd6+ Kf8 18. Nxf7 Re8 19. Bd2 Bb4 20. Bxb4+ Qxb4 21. Qf1 Nf6 22. Nxh8 Qxb2 23. Nf7 Qxd4 24. Ng5 Re5 25. Ne6+ 1-0

[Event "Czech Open Rapid 2019"]
[Site "Pardubice"]
[Date "2019.07.18"]
[Round "8.21"]
[White "Morozov, Mikhail M."]
[Black "Krouzel, Jaroslav"]
[Result "1/2-1/2"]
[WhiteElo "1997"]
[BlackElo "2117"]
[Annotator "NA"]
[PlyCount "97"]
[EventDate "2019.07.17"]
[EventType "swiss"]
[EventCountry "CZE"]
[SourceTitle "playchess.com"]
[Source "ChessBase"]
[SourceQuality "1"]

1. d4 f5 2. g3 Nf6 3. Bg2 d6 4. Nh3 g6 5. c4 Bg7 6. Nf4 c6 7. O-O O-O 8. d5 cxd5 9. cxd5 Na6 10. Nc3 Bd7 11. Be3 b6 12. Bd4 Rc8 13. Re1 Nc5 14. h4 Qe8 15. b4 Na4 16. Rc1 Nxc3 17. Rxc3 Rxc3 18. Bxc3 Qc8 19. Qa1 Nh5 20. Bxg7 Nxg7 21. e4 fxe4 22. Rxe4 Rf7 23. Bf1 b5 24. a4 a6 25. axb5 axb5 26. Re3 Nf5 27. Ra3 Rf8 28. Rc3 Qb8 29. Qc1 Nd4 30. Qd2 Nf5 31. Bd3 Qa8 32. Bxf5 Bxf5 33. Rc1 Qa3 34. Re1 Rf7 35. h5 Qf3 36. h6 Be4 37. Rxe4 Qxe4 38. Qc3 g5 39. Ne6 Qf5 40. Qd4 Qf6 41. Qb6 Qxh6 42. Qxb5 Rf8 43. Nxf8 Kxf8 44. Qc4 Qg6 45. b5 Qb1+ 46. Kg2 Kg7 47. Qd4+ Kg6 48. b6 h5 49. Qe3 1/2-1/2

[Event "Czech Open Rapid 2019"]
[Site "Pardubice"]
[Date "2019.07.18"]
[Round "8.22"]
[White "Votava, Jan"]
[Black "Yandarbiev, Ruslan"]
[Result "1-0"]
[WhiteElo "2521"]
[BlackElo "2270"]
[Annotator "ChessBase"]
[PlyCount "153"]
[EventDate "2019.07.17"]
[EventType "swiss"]
[EventCountry "CZE"]
[SourceTitle "playchess.com"]
[Source "ChessBase"]
[SourceQuality "1"]

1. d4 Nf6 2. c4 g6 3. Nc3 Bg7 4. e4 d6 5. f3 O-O 6. Be3 c5 7. Nge2 Nc6 8. Qd2 Qa5 9. d5 Ne5 10. b3 e6 11. Rb1 exd5 12. Nxd5 Qxd2+ 13. Kxd2 Nxd5 14. exd5 a6 15. Nc3 Bf5 16. Rc1 Rfe8 17. Be2 h6 18. g4 Bd7 19. h3 f5 20. f4 Nf7 21. Rhg1 Re7 22. Bd3 Rae8 23. Bf2 Kh7 24. gxf5 Bxf5 25. Bxf5 gxf5 26. Rce1 Rxe1 27. Rxe1 Rxe1 28. Bxe1 Kg6 29. Kd3 h5 30. Ne2 Bf6 31. Ng1 Nh6 32. Nf3 Ng8 33. Ba5 Kf7 34. Ng5+ Ke7 35. Ne6 Kd7 36. Be1 Ne7 37. Bc3 Bxc3 38. Kxc3 Ng6 39. Kd3 h4 40. Ke3 Ke7 41. a3 Nf8 42. Ng5 Ng6 43. b4 b6 44. bxc5 bxc5 45. Ne6 Kd7 46. Kd3 a5 47. Kc3 a4 48. Kd3 Ne7 49. Ke3 Kc8 50. Ng5 Kd7 51. Nf3 Ng6 52. Nd2 Kc7 53. Nb1 Kb6 54. Nc3 Ne7 55. Nxa4+ Ka5 56. Nc3 Nc8 57. Kd3 Ne7 58. Kc2 Ng6 59. Nb5 Nxf4 60. Nxd6 Nxh3 61. Nxf5 Nf4 62. Nxh4 Ka4 63. Kb2 Nd3+ 64. Kc3 Ne5 65. Nf5 Kxa3 66. Nd6 Nd7 67. Kd3 Kb4 68. Ke4 Ka5 69. Kf5 Kb6 70. Ke6 Nf8+ 71. Kf7 Nd7 72. Ke7 Ne5 73. Ke6 Nd3 74. Nf7 Nf4+ 75. Kd6 Nd3 76. Ne5 Nb2 77. Ke7 1-0

[Event "Czech Open Rapid 2019"]
[Site "Pardubice"]
[Date "2019.07.18"]
[Round "8.22"]
[White "Chirivi C, Jenny Astrid"]
[Black "Dobes, Vojtech"]
[Result "1-0"]
[WhiteElo "2089"]
[BlackElo "2212"]
[Annotator "NA"]
[PlyCount "165"]
[EventDate "2019.07.17"]
[EventType "swiss"]
[EventCountry "CZE"]
[SourceTitle "playchess.com"]
[Source "ChessBase"]
[SourceQuality "1"]

1. d4 Nf6 2. c4 e6 3. Nf3 b6 4. a3 Bb7 5. Nc3 d5 6. cxd5 Nxd5 7. Qc2 Nd7 8. e4 Nxc3 9. bxc3 c5 10. Bd3 g6 11. Qe2 Bg7 12. e5 O-O 13. O-O Qc7 14. Bb2 Rfd8 15. h4 a6 16. h5 b5 17. Ng5 Nf8 18. Ne4 Bxe4 19. Bxe4 Rab8 20. a4 b4 21. cxb4 cxd4 22. f4 Rxb4 23. Ba3 Rxa4 24. Bd6 Qa5 25. Bc7 d3 26. Qf2 Rxa1 27. Bxa5 Rxa5 28. Qb6 Rad5 29. Bxd5 Rxd5 30. Qxa6 f6 31. Rd1 fxe5 32. Rxd3 Rxd3 33. Qxd3 exf4 34. Qc4 gxh5 35. Qxf4 Ng6 36. Qe4 Ne5 37. Qh4 h6 38. Qxh5 Kf8 39. Kf2 Nd3+ 40. Ke3 Ne5 41. Ke4 Ke7 42. Qh4+ Ke8 43. Qg3 Kf7 44. Qb3 Ke7 45. Qb4+ Ke8 46. Qd6 Kf7 47. Qc7+ Kf8 48. g3 Bf6 49. Qc8+ Kf7 50. Qc7+ Kf8 51. Qb7 Bg7 52. Qc8+ Kf7 53. Qc7+ Kf8 54. Qd8+ Kf7 55. Qc8 Bf6 56. Qb7+ Kf8 57. Qa7 Bg7 58. Kf4 Bf6 59. Ke3 Bg5+ 60. Ke2 Bf6 61. Kd2 Bg5+ 62. Kc2 Bf6 63. Kb3 Bg7 64. Qc7 Kg8 65. Kb4 Bf8+ 66. Kb5 Bg7 67. Qe7 Ng6 68. Qxe6+ Kh7 69. Qf5 h5 70. Qxh5+ Bh6 71. Qf5 Kg7 72. Qe6 Nf8 73. Qe7+ Kg8 74. Kc4 Bg7 75. Qe8 Kh7 76. Qh5+ Kg8 77. Kd5 Nd7 78. Qe8+ Nf8 79. Ke4 Kh7 80. Kf5 Kg8 81. g4 Kh7 82. g5 Kg8 83. g6 1-0

[Event "Czech Open Rapid 2019"]
[Site "Pardubice"]
[Date "2019.07.18"]
[Round "8.23"]
[White "Retinsky, Vladimir"]
[Black "Slovak, Kilian"]
[Result "1/2-1/2"]
[WhiteElo "2343"]
[BlackElo "2242"]
[Annotator "NA"]
[PlyCount "58"]
[EventDate "2019.07.17"]
[EventType "swiss"]
[EventCountry "CZE"]
[SourceTitle "playchess.com"]
[Source "ChessBase"]
[SourceQuality "1"]

1. d4 Nf6 2. Nf3 g6 3. Bf4 Bg7 4. e3 O-O 5. Be2 d6 6. h3 c5 7. c3 b6 8. O-O Nbd7 9. Nbd2 Bb7 10. Bh2 Qc7 11. a4 a6 12. b4 cxb4 13. cxb4 Rac8 14. Rc1 Qb8 15. Qb3 Qa8 16. Bg3 Ne4 17. Nxe4 Bxe4 18. Bh4 Nf6 19. Rfd1 Rxc1 20. Rxc1 Rc8 21. Qb2 Bb7 22. Ne1 Kf8 23. Bf3 Bxf3 24. Nxf3 Nd5 25. b5 a5 26. Nd2 Qb7 27. Rc2 Nb4 28. Rc3 Nd5 29. Rc2 Nb4 1/2-1/2

[Event "Czech Open Rapid 2019"]
[Site "Pardubice"]
[Date "2019.07.18"]
[Round "8.23"]
[White "Ibrahim, Emad Eldin"]
[Black "Tesar, Jan"]
[Result "1/2-1/2"]
[WhiteElo "2042"]
[BlackElo "2034"]
[Annotator "NA"]
[PlyCount "116"]
[EventDate "2019.07.17"]
[EventType "swiss"]
[EventCountry "CZE"]
[SourceTitle "playchess.com"]
[Source "ChessBase"]
[SourceQuality "1"]

1. e4 c5 2. Nf3 a6 3. c3 d6 4. d4 Nf6 5. Bd3 g6 6. O-O Bg7 7. Qe2 O-O 8. Rd1 Qc7 9. h3 Nc6 10. a3 b5 11. Nbd2 Bb7 12. d5 Ne5 13. Nxe5 dxe5 14. c4 Nh5 15. cxb5 Nf4 16. Qf1 Nxd3 17. Qxd3 axb5 18. Qxb5 Ba6 19. Qb3 c4 20. Qc3 f5 21. b3 Rac8 22. bxc4 Bxc4 23. Nxc4 Qxc4 24. Qxc4 Rxc4 25. exf5 gxf5 26. Bg5 Kf7 27. a4 e4 28. Ra2 Bd4 29. a5 Rg8 30. Bf4 Rd8 31. a6 Ba7 32. d6 Kf6 33. d7 e5 34. Be3 Rc7 35. Rd6+ Kf7 36. Ra5 Rdxd7 37. Rxd7+ Rxd7 38. Rxe5 Rd1+ 39. Kh2 Bb8 40. Bf4 Bxe5 41. Bxe5 Rd2 42. a7 Ra2 43. Bb8 Ke6 44. Kg3 Kd7 45. h4 Kc8 46. h5 Kb7 47. h6 Ra6 48. Kf4 Rxh6 49. Kxf5 Rg6 50. g3 Rg8 51. Kxe4 Re8+ 52. Kf3 Rf8+ 53. Kg2 Rf7 54. g4 Rg7 55. Kg3 h5 56. f3 hxg4 57. fxg4 Rxg4+ 58. Kxg4 Ka8 1/2-1/2

[Event "Czech Open Rapid 2019"]
[Site "Pardubice"]
[Date "2019.07.18"]
[Round "8.24"]
[White "Valenta, Vit"]
[Black "Movsesian, Julia"]
[Result "0-1"]
[WhiteElo "2147"]
[BlackElo "2291"]
[Annotator "NA"]
[PlyCount "72"]
[EventDate "2019.07.17"]
[EventType "swiss"]
[EventCountry "CZE"]
[SourceTitle "playchess.com"]
[Source "ChessBase"]
[SourceQuality "1"]

1. b4 e5 2. Bb2 d6 3. g3 Nf6 4. Bg2 Be7 5. d3 O-O 6. Nf3 c6 7. O-O h6 8. c4 Be6 9. Nbd2 Qd7 10. Re1 Bh3 11. Bh1 Na6 12. a3 Nc7 13. c5 Rfe8 14. cxd6 Bxd6 15. Nc4 Ng4 16. Nfd2 Nd5 17. Ne4 Bc7 18. f3 Ngf6 19. g4 b5 20. Nc5 Qc8 21. e4 Nf4 22. Ne3 h5 23. gxh5 N6xh5 24. d4 exd4 25. Bxd4 Qd8 26. Ng4 Qg5 27. Be3 Rad8 28. Qc1 Bxg4 29. fxg4 Qxg4+ 30. Kf1 Qh3+ 31. Kg1 Nd3 32. Qc2 Nxe1 33. Rxe1 Rd6 34. e5 Rg6+ 35. Bg2 Bxe5 36. Bf4 Bd4+ 0-1

[Event "Czech Open Rapid 2019"]
[Site "Pardubice"]
[Date "2019.07.18"]
[Round "8.24"]
[White "Nemec, Jachym"]
[Black "Taranik, Olexiy"]
[Result "0-1"]
[WhiteElo "1927"]
[BlackElo "2124"]
[Annotator "NA"]
[PlyCount "88"]
[EventDate "2019.07.17"]
[EventType "swiss"]
[EventCountry "CZE"]
[SourceTitle "playchess.com"]
[Source "ChessBase"]
[SourceQuality "1"]

1. e4 e6 2. d4 d5 3. Nd2 Nc6 4. Ngf3 Nf6 5. e5 Nd7 6. c3 f6 7. exf6 Qxf6 8. Bd3 Bd6 9. O-O O-O 10. Re1 e5 11. dxe5 Ndxe5 12. Bc2 Bg4 13. Bb3 Ne7 14. Re3 c6 15. Qe1 N7g6 16. Ne4 Nxf3+ 17. gxf3 Bxh2+ 18. Kxh2 Qh4+ 19. Kg1 Bxf3 20. Ng3 Qg4 21. Bd2 Nf4 22. Rxf3 Qxf3 23. Bxf4 Qxf4 24. Qe6+ Kh8 25. Rf1 Rf6 26. Qd7 Rf7 27. Qe6 Raf8 28. Qe2 b5 29. Bc2 g6 30. Kg2 a5 31. a3 a4 32. Bb1 Kg7 33. Qc2 Qf3+ 34. Kg1 Rf6 35. Qd3 h5 36. Qxf3 Rxf3 37. Ne2 c5 38. Kg2 R3f6 39. f4 Re8 40. Kf2 Rfe6 41. Re1 Re3 42. f5 g5 43. Ba2 d4 44. cxd4 cxd4 0-1

[Event "Czech Open Rapid 2019"]
[Site "Pardubice"]
[Date "2019.07.18"]
[Round "8.25"]
[White "Strebkovs, Andrejs"]
[Black "Soural, Jan"]
[Result "1-0"]
[WhiteElo "2275"]
[BlackElo "2196"]
[Annotator "NA"]
[PlyCount "82"]
[EventDate "2019.07.17"]
[EventType "swiss"]
[EventCountry "CZE"]
[SourceTitle "playchess.com"]
[Source "ChessBase"]
[SourceQuality "1"]

1. d4 Nf6 2. Bf4 g6 3. e3 Bg7 4. Nf3 O-O 5. h3 d6 6. Nbd2 c5 7. c3 b6 8. a4 a6 9. Nc4 Nbd7 10. Be2 Bb7 11. Qb3 Bd5 12. Qa3 b5 13. Ncd2 e5 14. Bg3 b4 15. cxb4 cxd4 16. exd4 e4 17. Nh2 Ne8 18. O-O f5 19. f4 Bxd4+ 20. Kh1 Qf6 21. Nc4 Kg7 22. Rad1 Bxc4 23. Bxc4 Bxb2 24. Qa2 Nb6 25. Bb3 Bc3 26. Bf2 Rb8 27. b5 Nc7 28. a5 Nd7 29. b6 Nb5 30. Bc4 Nc5 31. Rd5 Rfe8 32. Be3 Nd3 33. Qb3 Rbc8 34. Bxb5 axb5 35. Rxb5 Nc5 36. Qd5 Qe6 37. Rd1 Qxd5 38. Rxd5 Rc6 39. Bxc5 dxc5 40. Rbxc5 Rxc5 41. Rxc5 Bb4 1-0

[Event "Czech Open Rapid 2019"]
[Site "Pardubice"]
[Date "2019.07.18"]
[Round "8.25"]
[White "Ilkiv, Andrii"]
[Black "Lymar, Vladislav"]
[Result "0-1"]
[WhiteElo "1703"]
[BlackElo "2024"]
[Annotator "NA"]
[PlyCount "89"]
[EventDate "2019.07.17"]
[EventType "swiss"]
[EventCountry "CZE"]
[SourceTitle "playchess.com"]
[Source "ChessBase"]
[SourceQuality "1"]

1. e4 c5 2. Nf3 Nc6 3. d4 cxd4 4. Nxd4 e5 5. Nb5 d6 6. N1c3 a6 7. Na3 b5 8. Nd5 Nf6 9. Bg5 Be7 10. Bxf6 Bxf6 11. c4 b4 12. Nc2 a5 13. Qf3 Bg5 14. h4 Bh6 15. g4 Bf4 16. Be2 Be6 17. Nxf4 exf4 18. Qxf4 Ne5 19. Ne3 Rc8 20. b3 Ng6 21. Qg3 O-O 22. Rd1 Rc6 23. Bf3 Ne5 24. Bg2 Bc8 25. O-O Re8 26. f4 Ng6 27. h5 Nf8 28. e5 Ra6 29. c5 d5 30. Nxd5 Bd7 31. Kh2 Qc8 32. Nb6 Qc7 33. Qd3 Bc8 34. Nxc8 Qxc8 35. c6 Ra7 36. Bf3 Ne6 37. Qe3 Rae7 38. Qc1 Qc7 39. Rd6 Kh8 40. Rfd1 Qb6 41. Qd2 f6 42. f5 Ng5 43. Qg2 Rxe5 44. R1d2 Re1 45. Rd7 0-1

[Event "Czech Open Rapid 2019"]
[Site "Pardubice"]
[Date "2019.07.18"]
[Round "8.26"]
[White "Myshakov, Fyodor"]
[Black "Roessler, Ulrike"]
[Result "1-0"]
[WhiteElo "2295"]
[BlackElo "2139"]
[Annotator "NA"]
[PlyCount "95"]
[EventDate "2019.07.17"]
[EventType "swiss"]
[EventCountry "CZE"]
[SourceTitle "playchess.com"]
[Source "ChessBase"]
[SourceQuality "1"]

1. c4 e5 2. Nc3 f5 3. g3 Nf6 4. Bg2 Nc6 5. d3 Bb4 6. Bd2 O-O 7. a3 Bxc3 8. Bxc3 e4 9. e3 d5 10. cxd5 Nxd5 11. dxe4 Nxc3 12. Qxd8 Rxd8 13. bxc3 Ne5 14. f4 Nc4 15. Kf2 Rd3 16. Ne2 Nxe3 17. e5 Nxg2 18. Kxg2 Bd7 19. Rhd1 Bc6+ 20. Kf2 Rad8 21. Ke1 Ba4 22. Rxd3 Rxd3 23. Rb1 b6 24. Rb4 Rd1+ 25. Kf2 Be8 26. Rd4 Ra1 27. Rd8 Kf7 28. Rc8 c5 29. Rc7+ Ke6 30. Rxa7 Kd5 31. Ke3 Bb5 32. Ra8 Ra2 33. Rd8+ Kc4 34. Rd6 Be8 35. g4 fxg4 36. Rxb6 Rxa3 37. Rb8 Bg6 38. Rb7 Bd3 39. Rxg7 Ra1 40. Rxg4 Bxe2 41. Kxe2 Kxc3 42. e6 Kd4 43. e7 Ra8 44. Rg7 h5 45. Rf7 Re8 46. f5 c4 47. f6 c3 48. Rf8 1-0

[Event "Czech Open Rapid 2019"]
[Site "Pardubice"]
[Date "2019.07.18"]
[Round "8.26"]
[White "Svoboda, Petr"]
[Black "Voriskova, Anna"]
[Result "0-1"]
[WhiteElo "2088"]
[BlackElo "1675"]
[Annotator "NA"]
[PlyCount "78"]
[EventDate "2019.07.17"]
[EventType "swiss"]
[EventCountry "CZE"]
[SourceTitle "playchess.com"]
[Source "ChessBase"]
[SourceQuality "1"]

1. Nf3 Nf6 2. e3 g6 3. b3 Bg7 4. Bb2 O-O 5. d4 d5 6. Bd3 b6 7. O-O Bb7 8. Nbd2 Nbd7 9. c4 c5 10. Rc1 Rc8 11. Ne5 Ne4 12. Nxd7 Qxd7 13. cxd5 Nxd2 14. Qxd2 cxd4 15. e4 e6 16. Ba3 Rfd8 17. dxe6 fxe6 18. f4 Bh6 19. Qe2 Rxc1 20. Bxc1 Rc8 21. Bc4 Kh8 22. Qd3 Bg7 23. Bb2 Rd8 24. e5 Qc6 25. Rf2 Qd7 26. h3 Bc6 27. Kh2 b5 28. Bxe6 Qxe6 29. Bxd4 Qd5 30. Rd2 Qf7 31. Rc2 Qxf4+ 32. g3 Qxd4 33. Qxd4 Rxd4 34. Rxc6 Bxe5 35. Re6 Rd2+ 36. Kg1 Bd4+ 37. Kf1 Rxa2 38. Rd6 Bb6 39. Rd5 Rf2+ 0-1

[Event "Czech Open Rapid 2019"]
[Site "Pardubice"]
[Date "2019.07.18"]
[Round "8.27"]
[White "Sarkar, Justin"]
[Black "Frolov, Aleksey G."]
[Result "0-1"]
[WhiteElo "2389"]
[BlackElo "2174"]
[Annotator "NA"]
[PlyCount "70"]
[EventDate "2019.07.17"]
[EventType "swiss"]
[EventCountry "CZE"]
[SourceTitle "playchess.com"]
[Source "ChessBase"]
[SourceQuality "1"]

1. e4 e5 2. Nc3 Nf6 3. Bc4 Nc6 4. d3 Na5 5. Bb5 a6 6. Ba4 b5 7. Bb3 Nxb3 8. axb3 Bb7 9. Nf3 d6 10. O-O c5 11. Bg5 Be7 12. Ne2 h6 13. Bd2 O-O 14. c4 Nh5 15. Nc3 f5 16. Nxe5 dxe5 17. Qxh5 fxe4 18. Bxh6 exd3 19. cxb5 axb5 20. Rxa8 Bxa8 21. Nxb5 Qb6 22. Bxg7 Kxg7 23. Qxe5+ Qf6 24. Qe3 Qg5 25. Qxg5+ Bxg5 26. Nc7 Kf7 27. Nxa8 Rxa8 28. f4 Bf6 29. Rd1 Rd8 30. Kf2 Bxb2 31. Ke3 d2 32. g4 Bc3 33. h4 Re8+ 34. Kd3 Re1 35. Kc2 Bb4 0-1